Jedi Council Members - Statistics

General Stats
  • This quiz has been taken 37 times
  • The average score is 16 of 26
Answer Stats
Hint Answer % Correct
2. Formed the Vaapad form of lightsaber combat Mace Windu
100%
1. Grandmaster Yoda
100%
5. Master to (6) Obi-Wan Kenobi
94%
12. Discovered Ahsoka Tano as a child Plo Koon
91%
6. Doesn't like sand Anakin Skywalker
88%
9. Master to Nahdar Vebb, fought Grievous in his lair Kit Fisto
84%
11. Same species as (1) Yaddle
81%
7. Master to Qui-Gon Jinn & Rael Aveross Dooku
78%
3. Commander of the 21st Nova Corps during the Clone Wars Ki-Adi Mundi
75%
8.Skilled pilot who was slain by Darth Sidious Saesee Tiin
69%
13. Oversaw production and training of clone troopers Shaak Ti
66%
21. Commissioned the creation of the grand army of the republic Sifo-Dyas
66%
18. Killed by Jango Fett Coleman Trebor
63%
14. Killed by Savage Opress Adi Gallia
59%
15. Narrowly escaped death by General Greivous Eeth Koth
59%
20. Chief Librarian of the Jedi Archives Jocasta Nu
59%
4. Mischievous side, tall and wise Yarael Poof
56%
24. Slain by Darth Sidious Agen Kolar
53%
23. Cousin to (14), killed by Commander Neyo Stass Allie
47%
19. Killed by Anoobas on Lola Sayu Even Piell
44%
22. Replaced by (14) Coleman Kcaj
38%
16. Padawan to (2) Depa Billaba
38%
10. Trained by (11), initially survived the great purge Oppo Rancisis
38%
17. Kept their lightsaber in their cane Tera Sinube
31%
26. Death was investigated by Mace Windu and Dooku Katri
19%
25. Had a breathing mask Poli Dapatian
6%
No matching quizzes found
Score Distribution
Percent of People with Each Score
Percentile by Number Answered
Your Score History
You have not taken this quiz